Rating energy use (Record no. 104736)

MARC details
000 -LEADER
fixed length control field 00974cab a2200193 4500
001 - CONTROL NUMBER
control field ##L131381
008 - FIXED-LENGTH DATA ELEMENTS--GENERAL INFORMATION
fixed length control field 050727n2005 000 0 eng u
035 ## - SYSTEM CONTROL NUMBER
System control number (Sirsi) u131381
041 0# - LANGUAGE CODE
Language code of text/sound track or separate title eng
100 1# - MAIN ENTRY--PERSONAL NAME
Personal name Bray, Andrew
245 00 - TITLE STATEMENT
Title Rating energy use
260 ## - PUBLICATION, DISTRIBUTION, ETC.
Date of publication, distribution, etc. 2005
490 #0 - SERIES STATEMENT
Series statement Premises and Facilities Management
Volume/sequential designation October 2005, 67-69(3)
520 ## - SUMMARY, ETC.
Summary, etc. Examines the implications of the energy performance of buildings directive (Directive 2002/91/EC) which is due to come into force across the EU in January 2006. The aim of the Directive is to increase energy efficiency in all buildings and introduce a consumer rating scheme similar to the one used for white goods. This should have a positive impact for facilities managers. The article examines what facilities managers can do to be prepared for the implementation of the Directive.
590 ## - LOCAL NOTE (RLIN)
Local note IKA081105
650 24 - SUBJECT ADDED ENTRY--TOPICAL TERM
Topical term or geographic name entry element DIRECTIVE 2002/91/EC
690 ## - LOCAL SUBJECT ADDED ENTRY--TOPICAL TERM (OCLC, RLIN)
Topical term or geographic name as entry element MANAGEMENT-FACILITIES MANAGEMENT
942 ## - ADDED ENTRY ELEMENTS (KOHA)
Suppress in OPAC 0
Holdings
Withdrawn status Lost status Source of classification or shelving scheme Damaged status Not for loan Home library Current library Shelving location Date acquired Total Checkouts Full call number Barcode Date last seen Copy number Price effective from Koha item type
    Dewey Decimal Classification     London London Journal article 27/10/2005   L131381 131381-1001 06/08/2019 1 06/08/2019 Journal article